The American Presidency : (Record no. 187176)
[ view plain ]
| 000 -LEADER | |
|---|---|
| fixed length control field | 00631 a2200181 4500 |
| 003 - CONTROL NUMBER IDENTIFIER | |
| control field | Nust |
| 005 - DATE AND TIME OF LATEST TRANSACTION | |
| control field | 20230504133101.0 |
| 020 ## - INTERNATIONAL STANDARD BOOK NUMBER | |
| International Standard Book Number | 8130706121 |
| 040 ## - CATALOGING SOURCE | |
| Transcribing agency | Nust |
| 082 ## - DEWEY DECIMAL CLASSIFICATION NUMBER | |
| Classification number | 973.099,LAS |
| 100 ## - MAIN ENTRY--PERSONAL NAME | |
| Personal name | Laski, Harold J. |
| 9 (RLIN) | 66476 |
| 245 ## - TITLE STATEMENT | |
| Title | The American Presidency : |
| Remainder of title | An Interpretation / |
| Statement of responsibility, etc. | Harold J. Laski |
| 260 ## - PUBLICATION, DISTRIBUTION, ETC. | |
| Place of publication, distribution, etc. | New Delhi |
| Name of publisher, distributor, etc. | Casmo Pub |
| Linkage | 2007 |
| 300 ## - PHYSICAL DESCRIPTION | |
| Extent | 278 p |
| 505 ## - FORMATTED CONTENTS NOTE | |
| Formatted contents note | Introduction (Page-1), The President and His Cabinet (Page-70), The President and Congress (Page-111), Foreign Relations (Page-156), Concluding Observations (Page-228). |
| 650 ## - SUBJECT ADDED ENTRY--TOPICAL TERM | |
| Topical term or geographic name entry element | American Presidency |
| 9 (RLIN) | 66477 |
| 942 ## - ADDED ENTRY ELEMENTS (KOHA) | |
| Source of classification or shelving scheme | |
| Koha item type | Book |
| Call number prefix | 973.099,LAS |
| Withdrawn status | Lost status | Source of classification or shelving scheme | Damaged status | Not for loan | Collection code | Permanent Location | Current Location | Date acquired | Total Checkouts | Full call number | Barcode | Date last seen | Price effective from | Koha item type | Shelving location | Shelving control number | Public note |
|---|---|---|---|---|---|---|---|---|---|---|---|---|---|---|---|---|---|
| Military College of Signals (MCS) | Military College of Signals (MCS) | 12/12/2016 | 973.099 LAS | MCS33670 | 12/08/2016 | 12/12/2016 | Book | ||||||||||
| Military College of Signals (MCS) | Military College of Signals (MCS) | 12/12/2016 | 973.099,LAS | MCS33671 | 12/08/2016 | 12/12/2016 | Book | General Stacks | History | Almirah No.62, Shelf No.6 |
